Movies Quiz

Random Movies or Clickable Quiz

The 3rd thing you need to know: Sci-Fi Movies Quiz Stats

 Plays Quiz not verified by Sporcle

Challenge
Share
Tweet
Score 0/20 Timer 04:00
0 Plays Today
% Correct
The Matrix
94.7%
The Terminator
94.5%
Avatar
93.7%
Mad Max
92.9%
Contact
91.6%
Close Encounters of the Third Kind
88.2%
Children of Men
84.6%
I Am Legend
83.4%
Interstellar
82.7%
Planet of the Apes
78.6%
% Correct
District 9
76.9%
Total Recall
76.3%
12 Monkeys
75.2%
2001: A Space Odyssey
73.9%
Solaris
73.4%
eXistenZ
70.6%
Gravity
58.6%
Snowpiercer
58%
Moon
54.3%
Sleeper
54%

You're not logged in!

Compare scores with friends on all Sporcle quizzes.
OR
Log In

You Might Also Like...

Show Comments

Extras

Top Quizzes Today


Score Distribution

Your Account Isn't Verified!

In order to create a playlist on Sporcle, you need to verify the email address you used during registration. Go to your Sporcle Settings to finish the process.

Report this User

Report this user for behavior that violates our Community Guidelines.

Details: